| 000 | 00594nam a22001577a 4500 | ||
|---|---|---|---|
| 999 |
_c534898 _d534898 |
||
| 020 | _qHard Cover. | ||
| 082 | _a620.005 | ||
| 100 | _aMurtaza, Adil | ||
| 245 |
_aAnalyzing and suggesting measures to improve the performance of industrial boiler using microcontroller based control-system technology-Case Study / _cMurtaza, Adil |
||
| 260 |
_aIslamabad : _bCEME - NUST, _c2015. |
||
| 300 |
_ax, 71 p. : ill. ; _c30cm. |
||
| 942 |
_2ddc _cTHE |
||
| 650 |
_aMS Engineering Management _929309 |
||
| 700 |
_aDr. Muhammad Tahir Nawaz. _917292 |
||